| 000 | 00372nam a2200121 4500 | ||
|---|---|---|---|
| 999 |
_c10714 _d10714 |
||
| 008 | 180918b ||||| |||| 00| 0 eng d | ||
| 100 |
_931253 _aLuci, Charissa M. |
||
| 245 |
_aBarangay workers to get extra benefits under proposed bill/ _cCharissa M. Luci |
||
| 260 |
_aPhilippines _bManila Bulletin _cc2016 |
||
| 300 | _apage 2. | ||
| 650 | 0 |
_937134 _aLaw. |
|
| 942 |
_2ddc _cPER |
||